MDQL
is popping MORE tags! Check the
thread
!
Quizzes
Events
Quiz Creation
Community
Videos
Private Events
Remove Ads
Sign In
Join for FREE
Feedback
Dark Mode
Quiz Categories
Sports
Geography
Music
Movies
Television
Just For Fun
Miscellaneous
History
Literature
Language
Science
Gaming
Entertainment
Religion
Holiday
For Kids
Quiz Lab
Recent
Popular Today
Quiz Kudos Today
Editor Picks
Curator Picks
Quizzes by...
Day
Popularity
Type
Ratings
Length
Year
Community
Subscriptions
Recent Discussions
Orange Saloon
Badges
Playlists
Quests
Create
Leaderboards
Showdown
Live 5
Trivia Bingo
Activity
Puzzle Library
Sporcle Events
Private Events
Virtual Trivia
Globe League
Become a Host
Pub Owners
SporcleCon
Opinionation
Our Games
Videos
Blog
Mobile Apps
Partnerships
Remove Ads and Go Orange
Feedback
Sports
Athletes
MLB
NBA
NHL
NFL
Soccer
Sports Teams
WWE
NCAA
Football
Premier League
Basketball
Baseball
Hockey
Golf
Tennis
Cricket
Rugby
Auto Racing
Olympics
World Cup
Sports
Athletes
MLB
NBA
NHL
NFL
Soccer
Sports Teams
WWE
NCAA
Football
Premier League
Basketball
Baseball
Hockey
Golf
Tennis
Cricket
Rugby
Auto Racing
Olympics
World Cup
Random Quiz
Search Sporcle
×
Quiz Lab
Quiz Lab
Sports
Sacramento Kings
Type in answers that appear in a list
Type in answers that appear in a list
Classic
Best Score? Go Orange.
Any Kings international (foreign born) player Stats
Can you name any Kings international player (slideshow)?
By
pollostori
6m
45 Questions
30 Plays
30 Plays
30 Plays
Comments
Comments
Give Quiz Kudos
Give Quiz Kudos
-
- Ratings
hide this ad
Wrong Answers
Some wrong answers will appear in red
Some wrong answers will appear in red
Replay
Link that replays current quiz
Next Quiz
Link to next quiz in quiz playlist
You Got
0%
They Got
Avg Score
51%
Avg Friend Score
Upgrade to see
Score Distribution
Jump to the score distribution portion of the page
Score
0/45
Timer
06:00
0
Plays Today
info
player
% Correct
02,03,04 All-
Star
???
100%
SG
???
100%
PF/
SF
???
100%
01 All-
Star
???
93.3%
SG
???
90%
SF/
PF
???
90%
SG
???
87.5%
C
???
80%
SF/
PF
???
75%
PG
???
73.3%
SG/
SF
???
73.3%
C
???
73.3%
SF/
SG/
PF
???
73.3%
PG
???
70%
SG/
SF
???
66.7%
PF
???
66.7%
C
???
66.7%
C/
PF
???
63.3%
SG/
SF
???
60%
PG
???
60%
SF/
PF
???
60%
SG
???
56.7%
PF/
C
???
56.7%
info
player
% Correct
PG
???
56.7%
C
???
56.7%
SF/
PF
???
50%
PF/
C
???
50%
PG
???
50%
PG
???
50%
PG
???
50%
SF
???
50%
PF/
C
???
50%
PF
???
50%
C/
PF
???
46.7%
SF
???
46.7%
C
???
43.3%
PF/
C
???
43.3%
C/
PF
???
43.3%
PF/
SF
???
41.7%
SG
???
40%
C
???
40%
PF/
C
???
40%
PF/
C
???
36.7%
C
???
36.7%
PG
???
33.3%
Quiz Playlist
Details
Report
Send in Message
Add To Playlist
Classic:
Type in answers that appear in a list
Wrong Answers:
Some wrong answers will appear in red
Last Updated: Mar 16, 2020
Quiz Scoreboard
CHALLENGE
Sign Up to Join the Scoreboard
Show All
Scores
Hide
Comments
May contain spoilers
Recently Published
Image Sorting: Flags VI
by Barbecue
Geography
2m
Find the 'City' Movie
by crazypaving
Movies
60s
Colored Red Africa Blitz
by spor1
Geography
45s
More to Explore
Quiz From the Vault
Featured Blog Post
14 Easter Pick-up Lines to Find Eggs With
hide this ad
You Might Also Like...
Tags
Foreign Born
International
Player
Sacramento Kings
Today's Top Quizzes in Sports
Browse Sports
hide this ad
Today's Top Quizzes in Sacramento Kings
Browse Sacramento Kings
Top Contributed Quizzes in Sports
1
Les meilleurs buteurs des matchs entre le PSG et l’OM
2
Les entraîneurs de l'OM et du PSG au 21e siècle
3
2022 World Cup Stars
4
Les joueurs passés par le PSG et l'OM
5
Players with Multiple 50 Home Run Seasons
6
Criteria MLB: Left Handed Sluggers
7
FIFA Club World Cup Champions
8
Les joueurs passés par le LOSC et le RC Lens
9
NBA Logic Puzzle 2.0
10
Top 10 NHL Goal Scorers of All Time
Explore More
Trending Topics
Anime
Kpop
Marvel
Harry Potter
Crossword
NBA
Disney
NFL
Soccer
Country
Song
WWE
The Office
Puzzle
Pokémon
hide this ad
More By:
pollostori
Quiz
Plays
Rating
Category
Featured
Created
1956-2023 Champions League finals scorers, capt.& coach
282
Sports
Feb 2, 2017
All NBA African players (as 2022-23)
247
2.00
Sports
Jan 31, 2017
Top winning players in history
148
Sports
Jan 16, 2018
NBA multiple championship rings (47-23)
128
Sports
Feb 3, 2017
1930-2022 World CUP finals scorers, capt.& coach
108
Sports
Apr 26, 2019
Go to Creator's Profile
Score Distribution
Quiz Creator Spotlight
pollostori
Follow
Send a Message
Quizzes Created
-
Created Quiz Play Count
-
More By This Creator
Popular Quizzes Today
1
Colored Red Africa Blitz
2
Find the US States - No Outlines Minefield
3
Find the 'City' Movie
4
5x2 Blitz: Bands
5
The Countries of the World
6
Find the US States
7
Find the Countries of Europe - No Outlines Minefield
8
US States
More Sports Quizzes
Longest Active March Madness Appearance Streak
Curator's Pick
Trending Quizzes
Colored Red Europe Blitz I
Colored Red Europe Blitz II
Colored Red Africa Blitz II
Colored Red Europe Blitz III
Colored Red Africa Blitz III
Recently Updated
How Do You Spell That?
pecheneg
Godzilla Movies
pecheneg
Grab Bag: 4-10 Letters
pecheneg
2024 March Madness Bracket
pecheneg
Famous TV Couples
Peacemaker
Champions League XIs: Real Madrid
pecheneg
Largest US Cities 1790-2010
pecheneg
Rides in Walt Disney World
pecheneg
Most Oscar Losses (Acting)
pecheneg
Beyoncé Albums
pecheneg
Trending Topics
NBA
Crossword
Kpop
Anime
Disney
Harry Potter
Marvel
Pokémon
The Office
Soccer
Country
NFL
Song
Puzzle
WWE
Your Account Isn't Verified!
In order to create a playlist on Sporcle, you need to verify the email address you used during registration. Go to your
Sporcle Settings
to finish the process.
Report this User
Report this user for behavior that violates our
Community Guidelines
.
Details:
Send Report
Go to the Sporcle.com Mobile Site →
Comments